000 00860nam a2200229Ia 4500
008 130821s2006 xxua gr eng
020 _a9780521677578
040 _aCo-BoUCM
_bspa
041 0 0 _aeng
245 0 4 _aThe new law and economic development a critical appraisal
_ceditado por David M. Trubek y Alvaro Santos.
260 _aNueva York (Estados Unidos)
_bCambridge university press
_c2006
300 _av, 309 páginas
_bcuadros
504 _aIncluye índice analítico.
650 0 4 _aDerecho y economía
_912841
650 0 4 _aDesarrollo económico
_xAspectos legales
_912956
650 0 4 _aFilosofía del derecho
_915792
650 0 4 _aTeoría del derecho
_925308
700 1 _aSantos, Alvaro
_eeditor
_9160036
700 1 _aTrubek, David M.
_eeditor
_9160037
942 _cLIBRO
_a8
_e1
_mN532
_2DEWEY
_h340.11
999 _c39313
_d39313